[Event "Caxambu Casa do Xadrez op"]
[Site "Caxambu"]
[Date "2022.07.23"]
[Round "4"]
[White "Guedes, Matheus Resende"]
[Black "Do Valle, Gabriel Mendes"]
[Result "1-0"]
[WhiteElo "1965"]
[BlackElo "1719"]
[PlyCount "33"]
[EventDate "2022.07.22"]
[EventType "swiss"]
[EventRounds "6"]
[EventCountry "BRA"]
[SourceTitle "CBM 209 Extra"]
[Source "ChessBase"]
[SourceDate "2022.09.30"]
[SourceVersion "1"]
[SourceVersionDate "2022.09.30"]
[SourceQuality "1"]

1. e4 c5 2. Nf3 d6 3. d4 cxd4 4. Nxd4 Nf6 5. Nc3 a6 6. Bg5 e6 7. f4 Be7 8. Qf3 Qc7 9. 0-0-0 Nbd7 10. g4 b5 11. Bxf6 Nxf6 12. g5 Nd7 13. f5 0-0 14. Rg1 e5 15. Nd5 Qd8 16. Nc6 Bxg5+ 17. Kb1 1-0

[Event "Sudeste/Centro-Oeste-ch U2000"]
[Site "Barbacena"]
[Date "2019.10.25"]
[Round "1"]
[White "Guedes, Matheus Resende"]
[Black "Cardoso, Marcio de Lucca"]
[Result "1-0"]
[WhiteElo "1969"]
[BlackElo "1877"]
[PlyCount "105"]
[EventDate "2019.10.25"]
[EventType "swiss"]
[EventRounds "6"]
[EventCountry "BRA"]
[SourceTitle "CBM 193 Extra"]
[Source "ChessBase"]
[SourceDate "2020.01.31"]
[SourceVersion "1"]
[SourceVersionDate "2020.01.31"]
[SourceQuality "1"]

1. e4 c5 2. Nf3 e6 3. d4 cxd4 4. Nxd4 a6 5. Nc3 Qc7 6. g3 b5 7. Bg2 Bb7 8. 0-0 Nf6 9. Re1 d6 10. a4 b4 11. Na2 e5 12. Nf5 g6 13. Ne3 a5 14. c3 Na6 15. cxb4 axb4 16. b3 Be7 17. Nc4 0-0 18. Bd2 Nc5 19. Bh6 Rfd8 20. Nxb4 Nxa4 21. Rc1 Nc5 22. Ne3 Qb6 23. Ned5 Nxd5 24. Nxd5 Bxd5 25. Qxd5 Ra3 26. Re3 Rb8 27. Rf3 Ne6 28. Bh3 Nd8 29. Rxf7 Nxf7 30. Be6 Kh8 31. Bxf7 Ra2 32. Be3 Qa5 33. Qe6 Qd8 34. Qh3 Kg7 35. Bd5 Kh8 36. Qg4 Qa5 37. Qe6 Qd8 38. h4 Qf8 39. Kg2 Qf6 40. Rc8+ Rxc8 41. Qxc8+ Qf8 42. Qe6 Kg7 43. Qd7 Qd8 44. Qg4 Rc2 45. Qd1 Rc8 46. Bc4 Qa5 47. h5 Qa8 48. Bd5 Qa5 49. Qg4 Kh8 50. Qe6 Qd8 51. b4 Bf6 52. Qg4 Qf8 53. b5 1-0

[Event "Concordia op 5th"]
[Site "Concordia"]
[Date "2019.05.02"]
[Round "3"]
[White "Da Silva, Joao Carlos Orguim"]
[Black "Guedes, Matheus Resende"]
[Result "0-1"]
[WhiteElo "1800"]
[BlackElo "1957"]
[PlyCount "89"]
[EventDate "2019.05.01"]
[EventType "swiss"]
[EventRounds "9"]
[EventCountry "BRA"]
[SourceTitle "CBM 190 Extra"]
[Source "ChessBase"]
[SourceDate "2019.07.15"]
[SourceVersion "1"]
[SourceVersionDate "2019.07.15"]
[SourceQuality "1"]

1. e4 e5 2. c4 Nc6 3. g3 Bc5 4. d3 f5 5. Nc3 d6 6. Bg2 Nge7 7. Nge2 0-0 8. Be3 Be6 9. Nd5 fxe4 10. dxe4 Bg4 11. Bxc5 dxc5 12. Ne3 Bxe2 13. Qxd8 Raxd8 14. Kxe2 Nd4+ 15. Kf1 Nc2 16. Nxc2 Rd2 17. Ne3 Rfxf2+ 18. Kg1 Rfe2 19. Rd1 Rxb2 20. Bh3 Nc6 21. Nd5 Nd4 22. Rf1 g6 23. Nf6+ Kg7 24. g4 Rec2 25. g5 Ne2+ 26. Kg2 Nf4+ 27. Kg3 Rc3+ 28. Kg4 h5+ 29. gxh6+ Kxf6 30. Rxf4+ exf4 31. e5+ Kf7 32. e6+ Kg8 33. Rd1 Rxh3 34. Kxh3 Re2 35. Kg4 Rxe6 36. Rd8+ Kh7 37. Kg5 Re7 38. Kf6 Re2 39. h4 f3 40. Kg5 Re5+ 41. Kf4 Rf5+ 42. Kg3 f2 43. h5 f1Q 44. hxg6+ Kxg6 45. Rg8+ 0-1

[Event "Sao Paulo Carnaval op"]
[Site "Sao Paulo"]
[Date "2019.03.02"]
[Round "1"]
[White "Guedes, Matheus Resende"]
[Black "Haraguchi, Diego Sashaki"]
[Result "1-0"]
[WhiteElo "1957"]
[BlackElo "1436"]
[PlyCount "179"]
[EventDate "2019.03.02"]
[EventType "swiss"]
[EventRounds "7"]
[EventCountry "BRA"]
[SourceTitle "EXT 2020"]
[Source "ChessBase"]
[SourceDate "2019.10.17"]
[SourceVersion "1"]
[SourceVersionDate "2019.10.17"]
[SourceQuality "1"]

1. e4 c5 2. Nf3 Nc6 3. d4 cxd4 4. Nxd4 g6 5. c4 Bg7 6. Be3 Nf6 7. Nc3 d6 8. Be2 Bd7 9. 0-0 0-0 10. Nc2 Be6 11. f3 Rc8 12. Qd2 Ne5 13. b3 Qa5 14. Rfd1 a6 15. Nd5 Qd8 16. Nd4 Nc6 17. Rac1 Nd7 18. Nxe6 fxe6 19. Nf4 Rf6 20. Nd3 e5 21. c5 Nd4 22. Bg5 Re6 23. cxd6 Rxc1 24. Rxc1 Rxd6 25. Bf1 Ne6 26. Be3 b6 27. Qc2 Ndf8 28. Nb4 b5 29. Nd5 Nd4 30. Qc8 Kf7 31. Qxd8 Rxd8 32. Rc7 Rd7 33. Kf2 e6 34. Rxd7+ Nxd7 35. Nb4 Nb8 36. Bd3 Ke7 37. Ke1 Kd6 38. Kd2 Kc5 39. Kc3 a5 40. Nc2 Nbc6 41. Kb2 Nb4 42. Nxb4 axb4 43. Kc1 Bf6 44. Kd2 Bg7 45. Ke1 Bf6 46. Kf2 Bh4+ 47. g3 Bf6 48. f4 exf4 49. gxf4 e5 50. Kg3 h5 51. h4 Kc6 52. Bxd4 exf4+ 53. Kxf4 Bxd4 54. Kg5 Bf2 55. e5 Kd5 56. Bxg6 Kxe5 57. Bxh5 Kd4 58. Bf7 Kc3 59. h5 Bd4 60. Kg6 Kb2 61. h6 Kxa2 62. Kh7 Kb2 63. Kg8 Kc3 64. h7 Bf6 65. h8Q Bxh8 66. Kxh8 Kd4 67. Kg7 Kd3 68. Kf6 Kd4 69. Ke6 Kc5 70. Kd7 Kb6 71. Kd6 Ka6 72. Kc5 Ka5 73. Be8 Ka6 74. Kxb4 Kb6 75. Bxb5 Kb7 76. Kc5 Kc7 77. Ba6 Kb8 78. Kb6 Ka8 79. Bb7+ Kb8 80. Bg2 Kc8 81. b4 Kb8 82. b5 Kc8 83. Ka7 Kc7 84. b6+ Kc8 85. b7+ Kd7 86. b8Q Ke6 87. Qf4 Kd7 88. Qf6 Kc7 89. Qe7+ Kc8 90. Bh3# 1-0

[Event "Pocos de Caldas op"]
[Site "Pocos de Caldas"]
[Date "2019.02.09"]
[Round "4"]
[White "Guedes, Matheus Resende"]
[Black "Mazetto, Sergio Luiz"]
[Result "1/2-1/2"]
[WhiteElo "1933"]
[BlackElo "2147"]
[PlyCount "112"]
[EventDate "2019.02.08"]
[EventType "swiss"]
[EventRounds "6"]
[EventCountry "BRA"]
[SourceTitle "CBM 189 Extra"]
[Source "ChessBase"]
[SourceDate "2019.06.03"]
[SourceVersion "1"]
[SourceVersionDate "2019.06.03"]
[SourceQuality "1"]

1. e4 c6 2. Nc3 d5 3. Nf3 Bg4 4. h3 Bxf3 5. Qxf3 e6 6. d3 Nf6 7. g3 Be7 8. Bg2 0-0 9. 0-0 d4 10. Ne2 e5 11. g4 c5 12. Ng3 Nc6 13. Nf5 Rc8 14. Qe2 b5 15. a4 a6 16. axb5 axb5 17. Bg5 Nd7 18. Bxe7 Nxe7 19. Qd2 Ng6 20. Ng3 c4 21. Ne2 Qb6 22. f4 c3 23. Qc1 exf4 24. bxc3 dxc3+ 25. Kh1 b4 26. Rb1 Qd6 27. Nxf4 Nxf4 28. Qxf4 Qxf4 29. Rxf4 Rb8 30. e5 b3 31. cxb3 Nxe5 32. Be4 c2 33. Rc1 Rxb3 34. Rxc2 Nxd3 35. Bxd3 Rxd3 36. Kg2 g6 37. Rcf2 Rd5 38. Kg3 Kg7 39. Rf6 h5 40. R2f3 Ra5 41. Rf2 Ra3+ 42. R2f3 Rxf3+ 43. Rxf3 Ra8 44. g5 Ra6 45. h4 f6 46. gxf6+ Kf7 47. Rb3 Kxf6 48. Rf3+ Ke5 49. Re3+ Kf5 50. Rf3+ Ke4 51. Rf4+ Ke5 52. Rf3 Ra4 53. Kh3 Rf4 54. Rg3 Rf6 55. Re3+ Kf4 56. Re7 Ra6 1/2-1/2

[Event "Mineiro-ch"]
[Site "Barbacena"]
[Date "2018.12.02"]
[Round "4"]
[White "Moura, Marcelo Moreira De"]
[Black "Guedes, Matheus Resende"]
[Result "1-0"]
[WhiteElo "2073"]
[BlackElo "1942"]
[PlyCount "105"]
[EventDate "2018.11.30"]
[EventType "swiss"]
[EventRounds "5"]
[EventCountry "BRA"]
[SourceTitle "CBM 187 Extra"]
[Source "ChessBase"]
[SourceDate "2018.11.04"]
[SourceVersion "1"]
[SourceVersionDate "2018.11.04"]
[SourceQuality "1"]

1. e4 e5 2. d4 exd4 3. Nf3 Nf6 4. Bc4 Nc6 5. Ng5 d5 6. exd5 Na5 7. Qxd4 Nxc4 8. Qxc4 Qxd5 9. Qe2+ Be7 10. 0-0 Bd7 11. Nc3 Qc6 12. Bf4 Kf8 13. Rfe1 Re8 14. h3 h6 15. Nf3 Qb6 16. Qc4 c5 17. Ne5 Be6 18. Ng6+ Kg8 19. Rxe6 fxe6 20. Re1 Bf8 21. Be5 Bd6 22. Bxf6 gxf6 23. Nxh8 Kxh8 24. Qh4 Kg7 25. Ne4 Be5 26. Re3 Qxb2 27. Ng3 f5 28. c3 Qc1+ 29. Kh2 Bd6 30. Rd3 Qf4 31. Qh5 Re7 32. Qd1 Be5 33. Kg1 Qg5 34. h4 Qxh4 35. Qe2 Bxg3 36. Rxg3+ Kf6 37. Qe3 Rd7 38. Rh3 f4 39. Qxc5 Qg5 40. Qf8+ Ke5 41. Qe8 Rd1+ 42. Kh2 Kf6 43. Rh5 Qg7 44. Qb5 Re1 45. Qa5 Qg6 46. Qd8+ Kg7 47. Rc5 Qf6 48. Rc7+ Kg6 49. Qe8+ Kg5 50. Rf7 Qe5 51. Qg8+ Kh5 52. Rg7 f3+ 53. Rg3 1-0

[Event "Mineiro-ch"]
[Site "Barbacena"]
[Date "2018.12.01"]
[Round "3"]
[White "Guedes, Matheus Resende"]
[Black "De Sousa, Wagner Marinho"]
[Result "1-0"]
[WhiteElo "1942"]
[BlackElo "1533"]
[PlyCount "109"]
[EventDate "2018.11.30"]
[EventType "swiss"]
[EventRounds "5"]
[EventCountry "BRA"]
[SourceTitle "CBM 187 Extra"]
[Source "ChessBase"]
[SourceDate "2018.11.04"]
[SourceVersion "1"]
[SourceVersionDate "2018.11.04"]
[SourceQuality "1"]

1. e4 c6 2. Nc3 d5 3. Nf3 Bg4 4. exd5 cxd5 5. d4 Nc6 6. Bb5 Nf6 7. h3 Bxf3 8. Qxf3 e6 9. 0-0 Be7 10. Ne2 Qb6 11. Bxc6+ Qxc6 12. c3 0-0 13. Ng3 b5 14. Re1 Rfe8 15. Bd2 a5 16. Re2 Qc7 17. Rae1 Bd6 18. Nh5 Nxh5 19. Qxh5 Bf4 20. Bxf4 Qxf4 21. Qxd5 b4 22. Qe5 Qxe5 23. Rxe5 bxc3 24. bxc3 Rec8 25. Rc5 Rxc5 26. dxc5 Kf8 27. Rb1 Ke8 28. Kf1 a4 29. c4 Ra7 30. Ke2 Kd7 31. Kd3 Kc6 32. Rb5 Rd7+ 33. Kc3 Rd1 34. Rb2 Rd7 35. Rb4 Ra7 36. Rb5 Rd7 37. Rb4 Ra7 38. Rb8 Kxc5 39. Rc8+ Kd6 40. Rd8+ Kc5 41. f4 h6 42. Rc8+ Kd6 43. Kd4 f6 44. c5+ Kd7 45. Rb8 Kc6 46. Kc4 Kc7 47. Rb6 Kd7 48. Rd6+ Ke7 49. Rd1 e5 50. fxe5 fxe5 51. c6 e4 52. Kb5 a3 53. Rd4 e3 54. Kb6 e2 55. Re4+ 1-0

[Event "Brazil Pocos de Caldas op"]
[Site "Pocos de Caldas"]
[Date "2018.03.02"]
[Round "2"]
[White "Guedes, Matheus Resende"]
[Black "Utiyama, Marcel Heimar Ribei"]
[Result "0-1"]
[WhiteElo "1939"]
[BlackElo "2240"]
[PlyCount "80"]
[EventDate "2018.03.02"]
[EventType "swiss"]
[EventRounds "6"]
[EventCountry "BRA"]
[SourceTitle "CBM 183 Extra"]
[Source "ChessBase"]
[SourceDate "2018.04.19"]
[SourceVersion "1"]
[SourceVersionDate "2018.04.19"]
[SourceQuality "1"]

1. d4 Nf6 2. c4 g6 3. Nc3 d5 4. cxd5 Nxd5 5. Bd2 Bg7 6. e4 Nb6 7. Be3 0-0 8. h3 e5 9. Nf3 exd4 10. Bxd4 Nc6 11. Bxg7 Kxg7 12. Bb5 Qe7 13. Bxc6 bxc6 14. 0-0 Ba6 15. Re1 Rfd8 16. Qc1 Rd3 17. e5 c5 18. Qf4 Rad8 19. Rac1 c4 20. Qe4 c5 21. Qf4 Bb7 22. Ne4 Bxe4 23. Qxe4 h6 24. Rc2 Qe6 25. Qf4 R8d5 26. h4 Rd7 27. Qe4 Re7 28. Qf4 Qc6 29. Rce2 Re6 30. h5 g5 31. Qg4 Kf8 32. Rc1 Qd5 33. Qf5 Rd1+ 34. Re1 Rxe1+ 35. Rxe1 Qd3 36. Re4 Nd5 37. Qh7 Ke7 38. Ne1 Qb1 39. f3 c3 40. bxc3 Nxc3 0-1

[Event "Mineiro-ch"]
[Site "Belo Horizonte"]
[Date "2017.10.08"]
[Round "4"]
[White "Batista, Gerson Peres"]
[Black "Guedes, Matheus Resende"]
[Result "1-0"]
[WhiteElo "2143"]
[BlackElo "1872"]
[PlyCount "109"]
[EventDate "2017.10.07"]
[EventType "swiss"]
[EventRounds "5"]
[EventCountry "BRA"]
[SourceTitle "CBM 181 Extra"]
[Source "ChessBase"]
[SourceDate "2017.12.12"]
[SourceVersion "1"]
[SourceVersionDate "2017.12.12"]
[SourceQuality "1"]

1. e4 e5 2. Nf3 Nc6 3. Bc4 Bc5 4. c3 Nf6 5. d4 exd4 6. cxd4 Bb4+ 7. Bd2 Nxe4 8. Bxb4 Nxb4 9. Qb3 d5 10. Qxb4 dxc4 11. 0-0 Nd6 12. Re1+ Kf8 13. Nc3 a5 14. Qa3 Bd7 15. Ne5 Kg8 16. Qc5 h6 17. Nxc4 Nxc4 18. Qxc4 Ra6 19. Re5 Re6 20. Rae1 Kh7 21. Rxe6 Bxe6 22. d5 Bf5 23. Qf4 Bg6 24. Qa4 c6 25. dxc6 Re8 26. Rxe8 Qxe8 27. h3 bxc6 28. Qd4 Qb8 29. Na4 Qb5 30. Nc5 Qe2 31. a3 Qe7 32. Nd7 f6 33. Nc5 Kg8 34. Qc3 Kh7 35. Qxa5 Qe2 36. Qc3 Qd1+ 37. Kh2 Qd6+ 38. g3 h5 39. h4 Qd1 40. Qe3 Bf5 41. Qf4 Qd5 42. b4 Kg8 43. Nb7 Bh3 44. f3 Qd1 45. Qe3 Kh7 46. Nc5 Qf1 47. Qg1 Qxf3 48. Kxh3 Qxa3 49. Qb1+ Kh6 50. Qe4 Qa1 51. Qxc6 Qf1+ 52. Qg2 Qf5+ 53. Kh2 g5 54. Qd2 Qe5 55. Nd7 1-0

[Event "Mineiro-ch"]
[Site "Belo Horizonte"]
[Date "2017.10.07"]
[Round "3"]
[White "Guedes, Matheus Resende"]
[Black "Lapertosa Viana, Julio"]
[Result "1-0"]
[WhiteElo "1872"]
[BlackElo "2091"]
[PlyCount "47"]
[EventDate "2017.10.07"]
[EventType "swiss"]
[EventRounds "5"]
[EventCountry "BRA"]
[SourceTitle "CBM 181 Extra"]
[Source "ChessBase"]
[SourceDate "2017.12.12"]
[SourceVersion "1"]
[SourceVersionDate "2017.12.12"]
[SourceQuality "1"]

1. d4 d5 2. c4 e6 3. Nf3 c6 4. Nc3 dxc4 5. e4 b5 6. a4 Bb4 7. Be2 Bb7 8. 0-0 a6 9. Qc2 Nf6 10. e5 Nd5 11. Ne4 Qc7 12. Bd2 Be7 13. b3 cxb3 14. Qxb3 Nd7 15. Rfc1 Qb8 16. Bg5 Bb4 17. Ne1 h6 18. Nd3 Bf8 19. Bh4 N7b6 20. Ndc5 Nf4 21. Bf1 Nbd5 22. Nxb7 Qxb7 23. axb5 cxb5 24. Bxb5+ 1-0

[Event "BRA-ch U18"]
[Site "Itajai"]
[Date "2017.06.02"]
[Round "3"]
[White "De Oliveira, Guilherme Alfredo B"]
[Black "Guedes, Matheus Resende"]
[Result "1-0"]
[WhiteElo "1766"]
[BlackElo "1846"]
[PlyCount "43"]
[EventDate "2017.06.01"]
[EventType "swiss"]
[EventRounds "6"]
[EventCountry "BRA"]
[SourceTitle "CBM 179 Extra"]
[Source "ChessBase"]
[SourceDate "2017.08.23"]
[SourceVersion "1"]
[SourceVersionDate "2017.08.23"]
[SourceQuality "1"]

1. e4 e5 2. Nf3 Nc6 3. c3 d5 4. Qa4 dxe4 5. Nxe5 Nf6 6. Bc4 Be6 7. Bxe6 fxe6 8. Nxc6 bxc6 9. Qxc6+ Kf7 10. 0-0 Rb8 11. f3 Rb6 12. Qc4 exf3 13. Rxf3 Bd6 14. d3 Re8 15. Bg5 Rxb2 16. Nd2 Be7 17. Ne4 Qd5 18. Qxc7 Rb7 19. Qf4 e5 20. Qh4 Bc5+ 21. Kh1 Rbb8 22. Raf1 1-0

[Event "Sao Sebastiao do Paraiso op"]
[Site "Sao Sebastiao do Paraiso"]
[Date "2016.10.23"]
[Round "5"]
[White "Dos Santos, Maicon Ferreira"]
[Black "Guedes, Matheus Resende"]
[Result "1-0"]
[WhiteElo "2031"]
[BlackElo "1842"]
[PlyCount "101"]
[EventDate "2016.10.21"]
[EventType "swiss"]
[EventRounds "5"]
[EventCountry "BRA"]
[SourceTitle "CBM 175 Extra"]
[Source "ChessBase"]
[SourceDate "2016.12.12"]
[SourceVersion "1"]
[SourceVersionDate "2016.12.12"]
[SourceQuality "1"]

1. e4 e5 2. Nf3 Nc6 3. Bb5 a6 4. Ba4 Nf6 5. 0-0 Be7 6. Re1 b5 7. Bb3 d6 8. c3 0-0 9. h3 Nb8 10. d4 Nbd7 11. Nbd2 Bb7 12. Bc2 Re8 13. Nf1 Bf8 14. Ng3 g6 15. a4 exd4 16. cxd4 c5 17. d5 Bg7 18. Rb1 Re7 19. Bf4 Ne5 20. Nxe5 dxe5 21. Be3 Rc8 22. axb5 axb5 23. b4 c4 24. Ra1 Ne8 25. Ra5 Nd6 26. Qg4 Qe8 27. Bc5 Rd7 28. Rea1 Bf8 29. Nh5 Be7 30. f4 f6 31. fxe5 fxe5 32. Qe6+ Kf8 33. Rf1+ Nf7 34. Rxf7+ Qxf7 35. Qxe5 gxh5 36. Ra1 Kg8 37. Bd4 Bf6 38. Qxf6 Qxf6 39. Bxf6 Bxd5 40. exd5 Rxd5 41. Ra7 Rc6 42. Bxh7+ Kf8 43. Ra8+ Kf7 44. Bg8+ Kxf6 45. Bxd5 Rd6 46. Be4 Ke5 47. Bf3 Rb6 48. Rd8 Kf4 49. Kf2 Ra6 50. Rd4+ Ke5 51. Rd5+ 1-0

[Event "Sao Sebastiao do Paraiso op"]
[Site "Sao Sebastiao do Paraiso"]
[Date "2016.10.23"]
[Round "4"]
[White "Guedes, Matheus Resende"]
[Black "Menezes, Jose Eduardo C"]
[Result "1-0"]
[WhiteElo "1842"]
[BlackElo "1918"]
[PlyCount "163"]
[EventDate "2016.10.21"]
[EventType "swiss"]
[EventRounds "5"]
[EventCountry "BRA"]
[SourceTitle "CBM 175 Extra"]
[Source "ChessBase"]
[SourceDate "2016.12.12"]
[SourceVersion "1"]
[SourceVersionDate "2016.12.12"]
[SourceQuality "1"]

1. f4 Nf6 2. Nf3 d6 3. e3 g6 4. b3 Bg7 5. Bb2 0-0 6. Be2 c5 7. 0-0 Nc6 8. c4 Bf5 9. Nh4 Bxb1 10. Rxb1 e6 11. d3 d5 12. Nf3 Qa5 13. Qd2 Qb6 14. Rfd1 Rad8 15. Ne5 Ne7 16. b4 d4 17. bxc5 Qxc5 18. Bxd4 Rxd4 19. exd4 Qxd4+ 20. Kh1 b6 21. Nf3 Qd7 22. d4 Qc7 23. Ne5 Rd8 24. Bf3 Nf5 25. Qf2 Ne8 26. Rbc1 f6 27. Nc6 Rd6 28. d5 Bh6 29. g3 g5 30. Nd4 Qc5 31. Kg2 Nxd4 32. Qxd4 Qa3 33. Rc2 Bg7 34. c5 f5 35. Qf2 bxc5 36. Qxc5 Qxc5 37. Rxc5 g4 38. Be2 Rb6 39. Rd2 e5 40. Rc6 exf4 41. gxf4 Rb4 42. d6 Nxd6 43. Rcxd6 Re4 44. Bd1 Bc3 45. Bb3+ Kg7 46. Rd7+ Kg6 47. R2d6+ Bf6 48. Bf7+ Kg7 49. Bh5+ Be7 50. Ra6 Re2+ 51. Kf1 Re4 52. Raxa7 Kh6 53. Rxe7 Rxf4+ 54. Kg2 Kxh5 55. Rxh7+ Kg6 56. Rhb7 Rc4 57. Rb2 Kg5 58. Ra5 Rf4 59. Rf2 Re4 60. Raxf5+ Kh4 61. R5f4 Re3 62. a4 Ra3 63. a5 Rxa5 64. h3 Ra3 65. Rxg4+ Kh5 66. Rf5+ Kh6 67. Rgf4 Ra2+ 68. Kg3 Ra3+ 69. Kh4 Kg6 70. Rf6+ Kg7 71. Rf7+ Kg8 72. Rb7 Ra8 73. Rc4 Kh8 74. Rc5 Rd8 75. Kh5 Re8 76. Rc6 Kg8 77. Kg6 Kh8 78. Rbc7 Rg8+ 79. Kh6 Re8 80. Rc8 Kg8 81. Rxe8+ Kf7 82. Ra8 1-0

[Event "Sao Sebastiao do Paraiso op"]
[Site "Sao Sebastiao do Paraiso"]
[Date "2016.10.22"]
[Round "2"]
[White "Guedes, Matheus Resende"]
[Black "Leao, Tales Braghini"]
[Result "0-1"]
[WhiteElo "1842"]
[BlackElo "1966"]
[PlyCount "82"]
[EventDate "2016.10.21"]
[EventType "swiss"]
[EventRounds "5"]
[EventCountry "BRA"]
[SourceTitle "CBM 175 Extra"]
[Source "ChessBase"]
[SourceDate "2016.12.12"]
[SourceVersion "1"]
[SourceVersionDate "2016.12.12"]
[SourceQuality "1"]

1. d4 Nf6 2. c4 g6 3. Nc3 Bg7 4. e4 d6 5. f3 0-0 6. Be3 c5 7. dxc5 dxc5 8. Qxd8 Rxd8 9. Bxc5 Nc6 10. Nd5 Nd7 11. Ba3 e6 12. Nc7 Rb8 13. 0-0-0 a6 14. f4 Bf8 15. Bxf8 Kxf8 16. Nf3 Ke7 17. Bd3 Nc5 18. Bb1 Rd7 19. Nd5+ exd5 20. exd5 Na7 21. Ng5 h6 22. Nh7 f5 23. Rhe1+ Kf7 24. g4 Kg7 25. gxf5 Kxh7 26. fxg6+ Kg7 27. b4 Na4 28. Re3 Rc7 29. Bd3 Nc3 30. Rf1 Nxd5 31. Re8 Nxb4 32. f5 Nxd3+ 33. Kd2 Bxf5 34. Rxb8 Bxg6 35. Rff8 Bh7 36. Rf3 Nc6 37. Re8 Nce5 38. Rg3+ Kf7 39. Rh8 Nxc4+ 40. Ke2 Re7+ 41. Kd1 Nf2+ 0-1

[Event "Sao Sebastiao do Paraiso op"]
[Site "Sao Sebastiao do Paraiso"]
[Date "2016.10.21"]
[Round "1"]
[White "Pereira, Antonio Samuel"]
[Black "Guedes, Matheus Resende"]
[Result "0-1"]
[WhiteElo "1676"]
[BlackElo "1842"]
[PlyCount "54"]
[EventDate "2016.10.21"]
[EventType "swiss"]
[EventRounds "5"]
[EventCountry "BRA"]
[SourceTitle "CBM 175 Extra"]
[Source "ChessBase"]
[SourceDate "2016.12.12"]
[SourceVersion "1"]
[SourceVersionDate "2016.12.12"]
[SourceQuality "1"]

1. b4 e6 2. a3 Nf6 3. Bb2 d5 4. Nf3 Bd6 5. e3 0-0 6. c4 c6 7. c5 Bc7 8. d4 Nbd7 9. Nc3 e5 10. Be2 Re8 11. 0-0 Ng4 12. Nd2 Nh6 13. a4 Re6 14. Bd3 e4 15. Be2 Rg6 16. Kh1 Qh4 17. g3 Rxg3 18. fxg3 Bxg3 19. Rf2 Bxf2 20. Ncxe4 dxe4 21. Nf1 Nf6 22. d5 Nfg4 23. Qd4 Nf5 24. Bxg4 Nxd4 25. Bxc8 Qh5 26. Bh3 Qxh3 27. Bxd4 Qf3# 0-1

[Event "Belo Horizonte Mineiro-ch"]
[Site "Belo Horizonte"]
[Date "2015.11.22"]
[Round "5"]
[White "Guedes, Matheus Resende"]
[Black "Da Silva, Angelo Luiz"]
[Result "1-0"]
[WhiteElo "1775"]
[BlackElo "1899"]
[PlyCount "63"]
[EventDate "2015.11.20"]
[EventType "swiss"]
[EventRounds "6"]
[EventCountry "BRA"]
[SourceTitle "CBM 169 Extra"]
[Source "ChessBase"]
[SourceDate "2015.12.18"]
[SourceVersion "1"]
[SourceVersionDate "2015.12.18"]
[SourceQuality "1"]

1. d4 Nf6 2. c4 e6 3. Nc3 c5 4. d5 d6 5. g3 exd5 6. cxd5 g6 7. Bg2 Bg7 8. Nf3 0-0 9. 0-0 Re8 10. Nd2 a6 11. a4 Nbd7 12. Nc4 Nb6 13. Nxb6 Qxb6 14. a5 Qc7 15. e4 Nd7 16. f4 b5 17. e5 dxe5 18. d6 Qa7 19. Bxa8 Qxa8 20. Nd5 Qb8 21. Ne7+ Kh8 22. f5 Bb7 23. fxg6 fxg6 24. Rf7 e4 25. Rxg7 Kxg7 26. b4 Kf7 27. Bb2 Rxe7 28. dxe7 Kxe7 29. bxc5 Qc7 30. Qd4 Qxc5 31. Qxc5+ Nxc5 32. Ba3 1-0

[Event "Mineiro-ch"]
[Site "Belo Horizonte"]
[Date "2015.09.06"]
[Round "5"]
[White "Abreu, Guilherme Correa"]
[Black "Guedes, Matheus Resende"]
[Result "1/2-1/2"]
[WhiteElo "2083"]
[BlackElo "1677"]
[PlyCount "112"]
[EventDate "2015.09.04"]
[EventType "swiss"]
[EventRounds "5"]
[EventCountry "BRA"]
[SourceTitle "EXT 2016"]
[Source "ChessBase"]
[SourceDate "2015.10.08"]
[SourceVersion "1"]
[SourceVersionDate "2015.10.08"]
[SourceQuality "1"]

1. d4 Nf6 2. c4 e6 3. Nc3 Bb4 4. e3 0-0 5. Bd3 d5 6. a3 Bxc3+ 7. bxc3 c5 8. Ne2 b6 9. 0-0 Ba6 10. cxd5 Bxd3 11. Qxd3 Qxd5 12. f3 cxd4 13. e4 Qb7 14. cxd4 Nbd7 15. e5 Nd5 16. Qe4 Qa6 17. Bd2 Rfc8 18. f4 f5 19. exf6 N7xf6 20. Qxe6+ Kh8 21. Ng3 Qd3 22. Qe2 Qxd4+ 23. Qf2 Qxf2+ 24. Rxf2 Rc4 25. f5 Ra4 26. Rf3 Rc8 27. Rc1 Rac4 28. Rxc4 Rxc4 29. Rd3 Kg8 30. Ne2 Ne7 31. Rd8+ Kf7 32. Nd4 Rc8 33. Rxc8 Nxc8 34. Kf1 g6 35. Ke2 gxf5 36. Nxf5 Ke6 37. Ng7+ Kd5 38. Kd3 b5 39. h3 Nd6 40. g4 Nc4 41. Bb4 Ne4 42. Ke2 a5 43. Bf8 Nc5 44. Nh5 Nd7 45. Be7 Ke6 46. Bd8 Nf8 47. Kd3 Kd7 48. Bf6 Nxa3 49. Bc3 Nc4 50. Nf6+ Kc6 51. h4 Kd6 52. h5 Ke6 53. g5 Kf7 54. Nxh7 Nxh7 55. g6+ Kg8 56. gxh7+ Kxh7 1/2-1/2

[Event "Betim-ch"]
[Site "Betim"]
[Date "2014.01.11"]
[Round "6"]
[White "Leus, Lucas Resende"]
[Black "Guedes, Matheus Resende"]
[Result "1-0"]
[WhiteElo "1751"]
[BlackElo "1648"]
[PlyCount "61"]
[EventDate "2014.01.10"]
[EventType "tourn"]
[EventRounds "9"]
[EventCountry "BRA"]
[SourceTitle "CBM 158 Extra"]
[Source "ChessBase"]
[SourceDate "2014.02.28"]
[SourceVersion "1"]
[SourceVersionDate "2014.02.28"]
[SourceQuality "1"]

1. c4 c6 2. d4 d5 3. cxd5 cxd5 4. Bf4 Nc6 5. Nc3 Nf6 6. Nf3 a6 7. e3 Bg4 8. h3 Bxf3 9. Qxf3 e6 10. a3 Qb6 11. Rb1 Bxa3 12. bxa3 Qa5 13. Rb3 Ne4 14. Bd3 Nxc3 15. 0-0 Nb5 16. Qg3 g6 17. Rfb1 Nca7 18. Be5 0-0 19. Bf6 Nc7 20. Rxb7 Rfc8 21. Qh4 Qxa3 22. R1b3 Qc1+ 23. Kh2 Ne8 24. Be5 Nc6 25. Rxf7 Kxf7 26. Rb7+ Rc7 27. Qxh7+ Kf8 28. Bd6+ Nxd6 29. Qh8+ Kf7 30. Rxc7+ Ne7 31. Qh7+ 1-0

[Event "Belo Horizonte Mineiro op"]
[Site "Belo Horizonte"]
[Date "2013.12.08"]
[Round "6.11"]
[White "Guedes, Matheus Resende"]
[Black "Montufar Berrios, Eymi Priscila"]
[Result "1-0"]
[WhiteElo "1774"]
[BlackElo "1461"]
[PlyCount "149"]
[EventDate "2013.12.06"]
[EventType "swiss"]
[EventRounds "6"]
[EventCountry "BRA"]
[SourceTitle "EXT 2022"]
[Source "ChessBase"]
[SourceDate "2021.10.06"]
[SourceVersion "1"]
[SourceVersionDate "2021.10.06"]
[SourceQuality "1"]

1. e4 c5 2. Nf3 d6 3. d4 cxd4 4. Nxd4 Nf6 5. Nc3 a6 6. Bg5 e6 7. f4 Be7 8. Qf3 Qb6 9. Nb3 Nc6 10. 0-0-0 e5 11. Bxf6 Bxf6 12. Rxd6 exf4 13. Nd5 Qa7 14. Rxf6 gxf6 15. Nc7+ Ke7 16. Nxa8 Qxa8 17. Qxf4 Ne5 18. Be2 Qb8 19. Rf1 Qd6 20. Kb1 Rg8 21. g3 Bg4 22. Bxg4 Rxg4 23. Qf5 h6 24. Qc8 b6 25. Qxa6 Rg8 26. Qe2 Ra8 27. Qe3 Nc4 28. Qxh6 Qe5 29. Qc1 b5 30. Nd2 Qe6 31. Nxc4 Qxc4 32. b3 Qb4 33. Qb2 Qd6 34. Re1 Qb4 35. c3 Qd6 36. Qe2 b4 37. e5 Qd5 38. exf6+ Kxf6 39. c4 Qf5+ 40. Ka1 Qc5 41. Qf3+ Kg7 42. Qe3 Qc8 43. Qg5+ Kh8 44. Qf6+ Kg8 45. Kb1 Qd7 46. Qg5+ Kh8 47. Qd5 Qa7 48. Qd2 Qb6 49. Re4 Qg6 50. Qc2 Rd8 51. Rh4+ Kg7 52. Qxg6+ fxg6 53. c5 Rd5 54. Rc4 Kf7 55. Kb2 Rd2+ 56. Rc2 Rxc2+ 57. Kxc2 Ke6 58. a3 bxa3 59. b4 Kd5 60. Kb3 a2 61. Kxa2 Kc6 62. h4 Kb5 63. g4 Kc6 64. h5 gxh5 65. gxh5 Kd7 66. h6 Ke7 67. h7 Kf7 68. h8Q Ke6 69. Qh5 Kf6 70. Kb3 Ke6 71. Kc4 Kf6 72. Kd5 Kg7 73. Ke6 Kg8 74. Kf6 Kf8 75. Qh8# 1-0